| 000 | 00797nmm a2200277 a 4500 | ||
|---|---|---|---|
| 003 | AR-BaBNM | ||
| 005 | 20251128202805.0 | ||
| 008 | 127019s1968 ||||||||||||||000 | spa|| | ||
| 040 | _cAR-BaBNM | ||
| 100 | 1 | _aCelesia, Ernesto Hipólito | |
| 245 | 1 | 0 |
_aRosas aportes para su historia _n2 |
| 250 | _a1ª ed. | ||
| 260 |
_aBuenos Aires _bGoncourt _c1968 |
||
| 300 | 0 | _a555 p. | |
| 500 | 0 | _aContiene apéndice documental p. 387-536 | |
| 500 | 0 | _aIndíce alfabético p. 539-548 | |
| 504 | _aBibliografía para consultar p. 537 | ||
| 600 |
_aRosas, Juan Manuel de _d1793-1877 |
||
| 650 | 4 | _aASESINATO DE QUIROGA | |
| 650 | 4 | _aGENERACION DE 1837 | |
| 650 | 4 | _aBLOQUEO FRANCES 1838-40 | |
| 650 | 4 | _aBLOQUEO ANGLO-FRANCES | |
| 650 | 4 | _aBATALLA DE CASEROS | |
| 942 | _cBK | ||
| 998 | _cmariana | ||
| 999 |
_c589 _d589 |
||